000 00430nam a2200181Ia 4500
001 17172
005 20260306170405.0
008 260306t2001||||xx |||||||||||||| ||und||
041 _aESP
082 _a657.48
_bM86
100 _aMoreno Carmona, Inés María
_eAUT
245 0 _aContabilidad Financiera
260 _c2001
300 _a272 páginas :
_c24 cm.
650 _aGEN
654 _aCCO
942 _cLIB
_dJUS
_fJUS
_2ddc
_n
999 _c17172
_d17172